Klaster ako nástroj konkurencieschopnosti

Pojem klaster. Historický vývoj klastrov. Členenie klastra. Štruktúra klastra. Mapovanie a hodnotenie klastrov. Klastre na Slovensku.

Guardado en:
Detalles Bibliográficos
Autor principal: Havier, Jan, 1989-
Formato: Capítulo de libro
Lenguaje:eslovaco
Materias:
Etiquetas: Agregar Etiqueta
Sin Etiquetas, Sea el primero en etiquetar este registro!

MARC

LEADER 00000nla a2200000 4500
001 0201635
005 20240527082957.9
041 0 |a slo 
044 |a SK 
245 1 0 |a Klaster ako nástroj konkurencieschopnosti  |c Jan Havier 
520 |a Pojem klaster. Historický vývoj klastrov. Členenie klastra. Štruktúra klastra. Mapovanie a hodnotenie klastrov. Klastre na Slovensku. 
610 2 0 |a klaster 
610 2 0 |a pojmy 
610 2 0 |a Slovensko 
100 1 |a Havier, Jan, 1989-